000 00787nam a2200205 i 4500
001 23297
003 ES-MaACL
005 20240421063010.0
007 t|
008 021210s1971 sp ||||1| spa d
100 0 _aAlvarez, José María,
_d1942-
_920651
245 1 0 _a87 poemas /
_cde José María Alvarez ; selección establecida sobre los libros (inéditos) Museo de cera (Manual de exploradores) : (1960-69) y Lectura de la consumación (Oh, hazme una máscara) : (1969-71).
250 _a[1ª ed.].
260 _a[Madrid] :
_bHelios,
_c[1971]
300 _a197p. ;
_c20 cm.
740 0 _aMuseo de cera (Manual de exploradores)
740 0 _aLectura de la consumación (Oh, hazme una máscara)
852 _aES-MaACL
_jC-45867
_bR.78287
999 _c23297
_d23297